00329nam a2200145Ia 45000010005000000080041000050200018000460400013000640820018000771000021000952450040001162600009001563000011001655460007001769799140327s9999 xx 000 0 und d a81-7305-144-5 cPK-LaUMT a 297.4bNIC-I aNicholson, R. A. aIslamic mysticismcNicholson, R. A. c1998 a282 p. aEN